Quiz sur les sports #1 - Statistiques

Statistiques générales
  • Ce quiz a été pris 199 fois
  • Le résultat moyen est 6 sur 14
Statistiques - réponses
Par images Réponse % Correct
Soccer/Football
94%
Basket-ball
88%
Pétanque
82%
Bowling
81%
Sumo
78%
Volley-ball
71%
Taekwondo
35%
Croquet
27%
Chess boxing
17%
Crosse
17%
Kin-ball
11%
Bossaball
4%
Cheese rolling
3%
Bog snorkelling
1%
Aucun quiz correspondant
Distribution des résultats
% des personnes avec chaque résultat
Percentile par nombre de réponses
Votre historique - résultats
Vous n’avez pas pris ce quiz